Cobra Kai Characters - Statistics

General Stats
  • This quiz has been taken 484 times
  • The average score is 17 of 25
Answer Stats
Hint Answer % Correct
Main Character Miguel Diaz
98%
Sensei of above Johnny Lawrence
97%
Ex-girlfriend of above Samantha LaRusso
97%
Son of above Robby Keene
96%
Has a mohawk Hawk | Eli Moskowitz
95%
Dad of above Daniel LaRusso
89%
Ex-girlfriend of #1 Tory Nichols
89%
Ex-girlfriend of above Moon
88%
Sensei of above John Kreese
87%
Bully of #1 Kyler
86%
Son of above Anthony LaRusso
84%
Wife of #5 Amanda LaRusso
82%
Former friend of #4 Yasmine
70%
Former friend of #4 Aisha Robinson
69%
Nicknamed "Assface" Mitch
61%
Ex-girlfriend of #5 Ali Mills
60%
Bully of #3 Shawn
51%
Friend of #13 Terry Silver
50%
Cousin of #5 Louie LaRusso
40%
Friend of above Brucks
39%
Stepdad of #2 Sid
39%
Ex-wife of #2 Shannon Keene
35%
Mom of #5 Lucille LaRusso
29%
Friend of #3 Trey
14%
Friend of #3 Cruz
12%
No matching quizzes found
Score Distribution
Percent of People with Each Score
Percentile by Number Answered
Your Score History
You have not taken this quiz